Quizzes
Events
Quiz Creation
Community
Videos
Private Events
Remove Ads
Sign In
Join for FREE
Feedback
Dark Mode
Quiz Categories
Sports
Geography
Music
Movies
Television
Just For Fun
Miscellaneous
History
Literature
Language
Science
Gaming
Entertainment
Religion
Holiday
For Kids
Quiz Lab
Recent
Popular Today
Quiz Kudos Today
Editor Picks
Curator Picks
Quizzes by...
Day
Popularity
Type
Ratings
Length
Year
Community
Subscriptions
Recent Discussions
Orange Saloon
Badges
Playlists
Quests
Create
Leaderboards
Showdown
Live 5
Trivia Bingo
Activity
Puzzle Library
Sporcle Events
Private Events
Virtual Trivia
Globe League
Become a Host
Pub Owners
SporcleCon
Opinionation
Our Games
Videos
Blog
Mobile Apps
Partnerships
Remove Ads and Go Orange
Feedback
Miscellaneous
Crossword
General Knowledge
Baby Names
Logo
Food
Cars
Numbers
Grab Bag
University
College
Popular
Company
Slogans
Restaurants
Justice
Letter
Miscellaneous
Crossword
General Knowledge
Baby Names
Logo
Food
Cars
Numbers
Grab Bag
University
College
Popular
Company
Slogans
Restaurants
Justice
Letter
Random Quiz
Search Sporcle
×
Quiz Lab
Quiz Lab
Miscellaneous
Type in answers that appear in a list
Type in answers that appear in a list
Classic
Best Score? Go Orange.
Quiz #4 Stats
Can you name the Quiz #4?
By
lilcutie_bear
12m
44 Questions
12 Plays
12 Plays
12 Plays
Comments
Comments
Give Quiz Kudos
Give Quiz Kudos
-
- Ratings
hide this ad
Forced Order
Answers have to be entered in order
Answers have to be entered in order
Random Order
Randomize order of answers
Randomize order of answers
Replay
Link that replays current quiz
Next Quiz
Link to next quiz in quiz playlist
You Got
0%
They Got
Avg Score
75%
Avg Friend Score
Upgrade to see
Score Distribution
Jump to the score distribution portion of the page
Score
0/44
Timer
12:00
0
Plays Today
Hint
Answer
% Correct
great grandmother
Прабаба
100%
aunt
Тітка
91.7%
brother
Брат
91.7%
cousin (male)
Кузен
91.7%
farm
Фарма
91.7%
father
Батько
91.7%
father-
in-
law (man's)
Тесть
91.7%
father-
in-
law (woman's)
Свекор
91.7%
girl
Дівчина
91.7%
grandfather
Дід
91.7%
grandmother
Баба
91.7%
great grandfather
Прадід
91.7%
great grandson
Правнук
91.7%
miss
Панна
91.7%
mother
Мама
91.7%
mother-
in-
law (woman's)
Свекруха
91.7%
mr
Пан
91.7%
mrs
Пані
91.7%
sister
Сестра
91.7%
boy
Хлопець
83.3%
cousin (female)
кузина
83.3%
farmer (male)
Фармер
83.3%
Hint
Answer
% Correct
farmer (female)
Фармерка
83.3%
great granddaughter
Правнука
83.3%
mother-
in-
law (man's)
Теща
83.3%
waiter
Офіціянт
83.3%
waitress
Офіціянтка
83.3%
wife
Дружина
83.3%
child
Дитина
75%
grandson
Онук
75%
husband
Чоловік
75%
son
Син
75%
daughter
Дочка
66.7%
granddaughter
Онука
66.7%
uncle
Дядько
58.3%
family (immediate)
Родина
50%
nephew
Племінник
41.7%
niece
Племінниця
41.7%
parents
Батьки
41.7%
person
Людина
41.7%
daughter-
in-
law
Невістка
33.3%
relative
Родич
33.3%
son-
in-
law
Зять
33.3%
family (extended)
Рідня
16.7%
Quiz Playlist
Details
Report
Send in Message
Add To Playlist
Classic:
Type in answers that appear in a list
Forced Order:
Answers have to be entered in order
Random Order:
Randomize order of answers
Last Updated: Feb 16, 2017
Quiz Scoreboard
CHALLENGE
Sign Up to Join the Scoreboard
Show All
Scores
Hide
Comments
May contain spoilers
Recently Published
Billboard Blitz: Fleetwood Mac
by CooCooCachoo
Music
15s
Presidents Visiting Landmarks
by Hejman
History
7m
An Introduction to Baseball
by treessimontrees
Sports
5m
More to Explore
Quiz From the Vault
Featured Blog Post
Where Did the Easter Bunny Come From?
hide this ad
You Might Also Like...
Tags
This quiz does not have any tags.
Today's Top Quizzes in Miscellaneous
Browse Miscellaneous
hide this ad
Top Contributed Quizzes in Miscellaneous
1
5-to-1: Fast Food
2
The JOE quick-fire general knowledge quiz: Day 174
3
The JOE quick-fire general knowledge quiz: Day 173
4
5-to-1: Cocktails
5
The JOE quick-fire general knowledge quiz: Day 172
6
Sunday Crossword: Famous Bodies of Water
7
One Thing in Common: United Kingdom II
8
The JOE quick-fire general knowledge quiz: Day 171
9
Named After an Animal - Odd One Out!
10
The JOE quick-fire quiz: Day 170
Explore More
Trending Topics
Harry Potter
Disney
NBA
Kpop
Anime
Crossword
Marvel
Puzzle
Soccer
NFL
WWE
The Office
Song
Country
Pokémon
hide this ad
More By:
lilcutie_bear
Quiz
Plays
Rating
Category
Featured
Created
Canadian Cities by Nickname
114
1.00
Just For Fun
Mar 15, 2012
Iammatthewian Project Characters
93
2.50
Just For Fun
May 1, 2011
20 21
19
1.00
Miscellaneous
Feb 4, 2016
seventeen
15
1.00
Language
Nov 24, 2015
verbs
15
1.00
Language
Dec 14, 2014
Go to Creator's Profile
Score Distribution
Quiz Creator Spotlight
lilcutie_bear
Follow
Send a Message
Quizzes Created
-
Created Quiz Play Count
-
More By This Creator
Popular Quizzes Today
1
Find the US States - No Outlines Minefield
2
Find the Countries of Europe - No Outlines Minefield
3
The Countries of the World
4
Find the US States
5
US States
6
Popular People in 1961
7
Risky Map Clicking: Biggest States A-Z
8
Movies - When Are They Set?
More Miscellaneous Quizzes
Logos by Face V
Published
Trending Quizzes
Risky Map Clicking: Least Populous States A-Z
1-10 Letter G Words
1-10 Letter F Words
Risky Map Clicking: Next State Alphabetically
Risky Map Clicking: Biggest States A-Z
Recently Updated
Leaping Animals
pecheneg
Reality TV Shows (A-Z)
bhenderson79
Rickey Henderson's Hall of Fame Teammates
pecheneg
Champions League XIs: Arsenal
pecheneg
Quick Pick: Celebrities in WWE's Hall of Fame
aduchscher
A-Z Keypad Blitz II
pecheneg
Multiple Oscar Actors
pecheneg
Mystery Phrase Blitz: Oscar 'Best Actors'
pecheneg
F. Scott Fitzgerald Novels
LTH
Pick 3 Villains
ddd62291
Trending Topics
Kpop
Anime
Crossword
Harry Potter
Marvel
NBA
Disney
WWE
Puzzle
Song
Soccer
Pokémon
NFL
Country
The Office
Your Account Isn't Verified!
In order to create a playlist on Sporcle, you need to verify the email address you used during registration. Go to your
Sporcle Settings
to finish the process.
Report this User
Report this user for behavior that violates our
Community Guidelines
.
Details:
Send Report
Go to the Sporcle.com Mobile Site →
Comments